000 00985nam0a22002651 4500
001 rc\4013137
005 20250611055141.0
021 _aRU
_b[56-47895]
035 _a(NLR Aleph) 008081045
090 _a9123788
_c9123788
100 _a20130415d1956 |||y0rusy50 ca
101 0 _arus
102 _aRU
105 _aa z |||||
200 1 _aОпыт организации централизованной заточки инструмента в механическом цехе
_fХабар. краев. ком-т Профсоюза рабочих трансп. и тяжелого машиностроения
210 _aХабаровск
_cКн. изд-во
_d1956
215 _a35 с.
_cчерт.
_d20
606 _aРежущие инструменты
_xЗаточка
_2psbo
700 1 _aКлейман
_bМ.И.
701 1 _aЛабузов
_bА.А.
801 0 _aRU
_bNLR
_gpsbo
801 1 _aRU
_bELAR
_2rusmarc
852 _aNLR
_jТ36 Г-4/3581
942 _cBOOK
980 _aNB